000 00455nam a2200133 4500
999 _c4844
_d4844
008 200903b ||||| |||| 00| 0 eng d
082 0 0 _a621.4025
_bS6421
100 _93873
_aSmith, I. E.
245 1 0 _aApplications and efficiency of heat pump system: proceedings of the 4th internatio.. /
_cedited by I. E. Smith
260 _aBerlin:
_bScientific and technical information and spri..,
_c1990.
300 _a189 p.
650 0 _aHeat Pumps
942 _2ddc
_cBK